| 000 | 01785nam0a2200337 4500 | ||
|---|---|---|---|
| 001 | RU\NLR\bibl\863700 | ||
| 005 | 20260407085003.0 | ||
| 035 | _a(nilc)RSL-KNO-002404560 | ||
| 035 | _a(NLR Aleph) 000852369 | ||
| 090 |
_a1488148 _c1488148 |
||
| 100 | _a20040312d2003 |||y0rusy50 ca | ||
| 101 | 0 | _arus | |
| 102 | _aRU | ||
| 105 | _ay ||||||||| | ||
| 106 | _ar | ||
| 200 | 1 |
_aНасосная функция правого желудочка у больных врожденными пороками сердца _e(Указания) _fМ-во здравоохранения Рос. Федерации. С.-Петерб. мед. гос. ун-т им. акад. И.П. Павлова _g[д.м.н. С.М. Лазарев, к.м.н. А.Б. Волков] |
|
| 210 |
_aСПб _cИзд-во СПбГМУ _d2003 |
||
| 215 |
_a14 с. _cил., табл. _d20 |
||
| 309 | _aБез тит. л. Описано по обл. | ||
| 320 | _aБиблиогр.: с. 12-14 (24 назв.) | ||
| 606 | 1 |
_aЖелудочки сердца _jМетодические пособия _xНасосная функция при врожденных пороках сердца _92410271 _3RU\NLR\auth\661436146 |
|
| 686 |
_aР410.105.0,07 _2rubbk |
||
| 686 | _aР410.105.01-240я8 | ||
| 702 | 1 |
_4220 _8rus _7ca _aЛазарев _bС. М. _cд-р мед. наук _f1949- _gСергей Михайлович _3RU\NLR\auth\7741896 _924844 |
|
| 712 | 0 | 2 |
_4570 _aСанкт-Петербургский государственный медицинский университет им. И. П. Павлова _3RU\NLR\AUTH\8812801 _9298499 |
| 801 | 0 |
_aRU _bRuMoRGB _c20040312 _gГОСТ 7.1-84 с изм. |
|
| 801 | 1 |
_aRU _bRuMoRGB _c20040312 |
|
| 801 | 2 |
_aRU _bNLR _c20051031 _grcr |
|
| 942 | _cBOOK | ||
| 980 | _aNB | ||